000
00279nam a22001097a 4500
082
_a
153 AKH'T
100
_a
AKHURST, B. A
_9
77775
245
_a
TEACH YOURSELF BOOKS ASSESSING INTELLECTUAL ABILITY
260
_a
LONDON
_b
TEACH YOURSELF BOOKS
_c
1970
300
_a
180P
942
_c
BK
999
_c
582993
_d
582993